[Event "Schachfestival 2014 - Senioren"]
[Site "Woerishofen Bad"]
[Date "2014.03.21"]
[Round "1.47"]
[White "Young, Melvyn Jack"]
[Black "Westermayer, Johann"]
[Result "1-0"]
[WhiteElo "1917"]
[BlackElo "1643"]
[PlyCount "95"]
[EventDate "2014.03.21"]
[EventType "swiss"]
[EventCountry "GER"]

1. e4 c6 2. d4 d5 3. exd5 cxd5 4. c4 Nf6 5. Nc3 e6 6. Nf3 Bb4 7. Bd3 dxc4 8.
Bxc4 O-O 9. O-O a6 10. Bg5 Be7 11. Qd2 b5 12. Bd3 Bb7 13. Bxf6 Bxf6 14. Ne4
Bxe4 15. Bxe4 Ra7 16. Rac1 Rc7 17. Qd3 h6 18. Ne5 Rxc1 19. Rxc1 Bxe5 20. dxe5
Qxd3 21. Bxd3 Rd8 22. Be4 Kf8 23. g3 Ke7 24. Kg2 Rd2 25. Rc7+ Rd7 26. Rc2 Kd8
27. Kf3 Rc7 28. Rd2+ Rd7 29. Ke3 Rxd2 30. Kxd2 Nd7 31. f4 Kc7 32. Kc3 f6 33.
exf6 gxf6 34. g4 e5 35. f5 Kb6 36. b4 Kc7 37. Bd5 Nf8 38. Kd3 Nd7 39. h4 Nb6
40. Bb3 Kd6 41. Bd1 Nd5 42. a3 Nc7 43. Bf3 Ke7 44. Bb7 Kd6 45. Ke4 Ke7 46. g5
hxg5 47. hxg5 fxg5 48. Kxe5 1-0

[Event "Schachfestival 2014 - Senioren"]
[Site "Woerishofen Bad"]
[Date "2014.03.21"]
[Round "1.27"]
[White "Eigenmann, Christina"]
[Black "Harsch, Martin"]
[Result "0-1"]
[WhiteElo "1809"]
[BlackElo "2013"]
[PlyCount "52"]
[EventDate "2014.03.21"]
[EventType "swiss"]
[EventCountry "GER"]
[BlackTeam "Roche Basel"]
[BlackTeamCountry "SUI"]

1. d4 d5 2. c4 c6 3. Nc3 Nf6 4. Nf3 a6 5. Bf4 dxc4 6. b3 cxb3 7. axb3 Bf5 8. e3
e6 9. Bd3 Bb4 10. Rc1 Qa5 11. O-O Bxc3 12. Bxf5 exf5 13. Ne5 Bb4 14. Qf3 Qd5
15. Qd1 O-O 16. Qc2 g6 17. f3 Nbd7 18. Qf2 Rfe8 19. Qh4 Bf8 20. g4 fxg4 21.
fxg4 Bg7 22. Rc2 Ne4 23. Nxd7 Qxd7 24. Rf3 f6 25. Rh3 Bf8 26. g5 fxg5 0-1

[Event "Schachfestival 2014 - Senioren"]
[Site "Woerishofen Bad"]
[Date "2014.03.21"]
[Round "1.30"]
[White "Ziltener, Werner"]
[Black "Auterhoff, Juergen"]
[Result "0-1"]
[WhiteElo "2005"]
[BlackElo "1803"]
[PlyCount "172"]
[EventDate "2014.03.21"]
[EventType "swiss"]
[EventCountry "GER"]
[BlackTeam "SC Pasing von 1948 e.V."]
[BlackTeamCountry "GER"]

1. Nf3 Nf6 2. b3 d5 3. Bb2 e6 4. e3 c5 5. Ne5 Nbd7 6. Bb5 a6 7. Bxd7+ Bxd7 8.
O-O Bd6 9. d3 O-O 10. Nd2 Qc7 11. f4 Ne8 12. c4 f6 13. Nxd7 Qxd7 14. cxd5 exd5
15. f5 Be5 16. d4 cxd4 17. exd4 Bc7 18. Qe2 Nd6 19. Qe6+ Qxe6 20. fxe6 Rfe8 21.
Rfe1 Ba5 22. Rad1 Ne4 23. Rxe4 dxe4 24. Nc4 Bc7 25. d5 b5 26. Ne3 Bb6 27. Bd4
Bxd4 28. Rxd4 Rad8 29. Rxe4 f5 30. Rf4 g6 31. g4 fxg4 32. Nxg4 Re7 33. Nf6+ Kg7
34. Nd7 Rdxd7 35. exd7 Rxd7 36. Rd4 Kf6 37. Kf2 Ke5 38. Ke3 Rxd5 39. Re4+ Kd6
40. Rf4 Re5+ 41. Kd3 Ke6 42. a4 g5 43. Rb4 h5 44. a5 Rd5+ 45. Ke3 Kf5 46. h4
gxh4 47. Rxh4 Kg5 48. Re4 Kf5 49. Rf4+ Ke6 50. b4 Rf5 51. Rd4 Rf6 52. Rh4 Rh6
53. Ke4 Kf6 54. Kf4 Rh8 55. Rh1 h4 56. Rc1 Rh6 57. Rc6+ Kg7 58. Rc7+ Kf8 59.
Kg5 Rd6 60. Ra7 h3 61. Rh7 Rd5+ 62. Kf6 Rd6+ 63. Ke5 Rd3 64. Ke4 Rb3 65. Kd5
Rxb4 66. Rxh3 Ra4 67. Kc5 Rxa5 68. Kb6 Ra2 69. Rb3 Ke7 70. Kc5 Kd7 71. Rh3 Ke6
72. Re3+ Kf5 73. Re8 Kf4 74. Re6 Kf5 75. Re8 Rc2+ 76. Kb4 Rb2+ 77. Ka5 Ra2+ 78.
Kb4 Ra4+ 79. Kc5 b4 80. Kc4 a5 81. Rf8+ Ke4 82. Re8+ Kf3 83. Re5 Ra3 84. Kb5 b3
85. Re1 b2 86. Rb1 Ra2 0-1

[Event "Schachfestival 2014 - Senioren"]
[Site "Woerishofen Bad"]
[Date "2014.03.21"]
[Round "1.38"]
[White "Samarian, Cornel"]
[Black "Di Lazzaro, Gabriele"]
[Result "0-1"]
[WhiteElo "1747"]
[BlackElo "1936"]
[PlyCount "82"]
[EventDate "2014.03.21"]
[EventType "swiss"]
[EventCountry "GER"]
[WhiteTeam "SC Pegasus Lohkirchen"]
[WhiteTeamCountry "ITA"]

1. Nf3 d5 2. d4 Bg4 3. e3 Nf6 4. h3 Bh5 5. Be2 e6 6. Nbd2 Bd6 7. O-O O-O 8. Ne1
Bxe2 9. Qxe2 c6 10. a3 Nbd7 11. c3 e5 12. dxe5 Nxe5 13. Nef3 Re8 14. b4 Nxf3+
15. Nxf3 Ne4 16. Bb2 Bc7 17. c4 Qd6 18. g3 Qh6 19. Kg2 Rad8 20. Rad1 Re6 21.
cxd5 cxd5 22. Rh1 Rde8 23. Bd4 a6 24. Rc1 Bb8 25. Qa2 Rd8 26. Rc2 Ree8 27. Rhc1
Qg6 28. g4 h5 29. Nh4 Qg5 30. Nf3 Qh6 31. Rh1 h4 32. Ne1 Qd6 33. f4 g5 34. Nd3
Ng3 35. Be5 Qe7 36. Re1 f6 37. Bxb8 Qe4+ 38. Kf2 Qxd3 39. Rd2 Ne4+ 40. Kg1 Nxd2
41. Rd1 Nf3+ 0-1

[Event "Schachfestival 2014 - Senioren"]
[Site "Woerishofen Bad"]
[Date "2014.03.21"]
[Round "1.56"]
[White "Kuhn, Hans"]
[Black "Schuler, Georg"]
[Result "1-0"]
[WhiteElo "1561"]
[BlackElo "1888"]
[PlyCount "129"]
[EventDate "2014.03.21"]
[EventType "swiss"]
[EventCountry "GER"]
[BlackTeam "SV Balingen"]
[BlackTeamCountry "GER"]

1. e4 c5 2. Nf3 e6 3. Nc3 a6 4. Be2 Qc7 5. d3 Nc6 6. O-O b5 7. Be3 Bb7 8. Qd2
Nf6 9. Bf4 Bd6 10. Bxd6 Qxd6 11. h3 Nd4 12. Nxd4 cxd4 13. Nd1 Rc8 14. c3 e5 15.
Rc1 O-O 16. cxd4 Qxd4 17. Ne3 Nxe4 18. Qe1 Nf6 19. Nf5 Rxc1 20. Qxc1 Qf4 21.
Qxf4 exf4 22. Rc1 Nd5 23. Bf3 g6 24. Bxd5 Bxd5 25. Ne7+ Kg7 26. Nxd5 g5 27. f3
Re8 28. Kf2 Re5 29. Nc3 b4 30. Ne2 Ra5 31. Rc4 Rb5 32. b3 Kf6 33. Re4 a5 34.
Nd4 Rc5 35. Ke1 Rc1+ 36. Kf2 Rd1 37. Ke2 Ra1 38. a4 bxa3 39. Nc2 Rb1 40. Nxa3
Rb2+ 41. Kf1 Rxb3 42. Ra4 Rxd3 43. Rxa5 Rd2 44. Nc4 Rc2 45. Nd6 Kg6 46. Ne4 h6
47. Ra6+ Kg7 48. Rd6 Rc7 49. Nf6 Rc6 50. Rxc6 dxc6 51. Ne4 f5 52. Nc5 Kf6 53.
Ke2 Ke5 54. Kd3 Kd5 55. Nb3 h5 56. Nd4 g4 57. Nxf5 gxf3 58. gxf3 Ke5 59. Nd4 c5
60. Nc2 Kf5 61. h4 Ke5 62. Kc4 Kd6 63. Na3 Kc6 64. Nb1 Kd6 65. Nd2 1-0

[Event "Schachfestival 2014 - Senioren"]
[Site "Woerishofen Bad"]
[Date "2014.03.21"]
[Round "1.57"]
[White "Goris Schouwstra, Adri"]
[Black "Breidenbach, Heinz"]
[Result "1/2-1/2"]
[WhiteElo "1886"]
[BlackElo "1503"]
[PlyCount "115"]
[EventDate "2014.03.21"]
[EventType "swiss"]
[EventCountry "GER"]
[BlackTeam "Scacchistica milanese"]
[BlackTeamCountry "ITA"]

1. d4 d5 2. Nf3 Nf6 3. e3 e6 4. Be2 b6 5. O-O Ba6 6. Nbd2 Bxe2 7. Qxe2 Bd6 8.
c4 O-O 9. e4 dxe4 10. Nxe4 Nxe4 11. Qxe4 Nd7 12. Bg5 Nf6 13. Qc2 Be7 14. Rfd1
h6 15. Be3 Qc8 16. c5 Nd5 17. Bd2 c6 18. Ne5 b5 19. b4 Bf6 20. Qe4 Bxe5 21.
dxe5 Ne7 22. Bf4 Nd5 23. Bd2 Rd8 24. Qg4 Kh7 25. Rab1 Qc7 26. Qe4+ Kh8 27. g3
Rd7 28. f4 Rad8 29. Qc2 Ne7 30. Be1 Nd5 31. Qe2 Kg8 32. Kf2 Ne7 33. Rd6 Nf5 34.
Rxd7 Qxd7 35. Kf1 Qd5 36. Bf2 Qh1+ 37. Bg1 Qd5 38. Ke1 Qd7 39. Rd1 Qc7 40.
Rxd8+ Qxd8 41. Qd2 Qc7 42. Bf2 Ne7 43. Ke2 Nd5 44. a3 Kf8 45. Bd4 a6 46. g4 Qd8
47. Kf3 Kg8 48. Bf2 Qe7 49. h4 f5 50. gxf5 exf5 51. Bg3 Qf7 52. Kf2 Qe6 53. Qd1
Kf8 54. Qb3 Ke7 55. Qd3 h5 56. Qf3 g6 57. Qd3 Qd7 58. Kf3 1/2-1/2

[Event "Schachfestival 2014 - Senioren"]
[Site "Woerishofen Bad"]
[Date "2014.03.21"]
[Round "1.29"]
[White "Mombelli, Antonio"]
[Black "Spurga, Josef"]
[Result "1/2-1/2"]
[WhiteElo "1806"]
[BlackElo "2008"]
[PlyCount "49"]
[EventDate "2014.03.21"]
[EventType "swiss"]
[EventCountry "GER"]
[BlackTeam "VfL Sindelfingen"]
[BlackTeamCountry "GER"]

1. e4 c5 2. c3 d5 3. exd5 Qxd5 4. d4 e6 5. Nf3 Nc6 6. Be3 cxd4 7. Nxd4 Bd7 8.
Nc2 Nf6 9. Nd2 Ne5 10. Nb3 Qe4 11. f3 Qg6 12. Qd2 Be7 13. O-O-O Nd5 14. Bd4 Bf6
15. h4 h5 16. Nc5 Bc6 17. Ne4 Nd7 18. Bd3 Qh6 19. Qxh6 Rxh6 20. Nxf6+ N7xf6 21.
Rhe1 Kf8 22. Ne3 b5 23. Nxd5 Nxd5 24. Be4 a5 25. a3 1/2-1/2

[Event "Schachfestival 2014 - Senioren"]
[Site "Woerishofen Bad"]
[Date "2014.03.21"]
[Round "1.17"]
[White "Hommann, Horst"]
[Black "Boettcher, Ulrich"]
[Result "0-1"]
[WhiteElo "1843"]
[BlackElo "2078"]
[PlyCount "80"]
[EventDate "2014.03.21"]
[EventType "swiss"]
[EventCountry "GER"]
[WhiteTeam "WSG Halle-Neustadt"]
[WhiteTeamCountry "GER"]

1. c4 e5 2. Nc3 Nf6 3. Nf3 Nc6 4. d4 exd4 5. Nxd4 Bb4 6. Nxc6 Bxc3+ 7. bxc3
bxc6 8. Bg5 h6 9. Bxf6 Qxf6 10. Qd4 Qg6 11. Rd1 O-O 12. g3 d6 13. Bg2 c5 14.
Qd2 Rb8 15. O-O Bf5 16. Rfe1 Rfe8 17. Bd5 Rb6 18. e4 Bh3 19. e5 dxe5 20. Be4 f5
21. Bg2 Bxg2 22. Kxg2 Rd6 23. Qc2 e4 24. Rd5 f4 25. h3 fxg3 26. fxg3 Rxd5 27.
cxd5 Qf5 28. Qd1 Rf8 29. Rf1 Qe5 30. Rxf8+ Kxf8 31. Qf1+ Kg8 32. Qc4 Kh7 33.
Qxc5 Qf5 34. Qe3 Qxd5 35. g4 Qxa2+ 36. Kg3 Qd5 37. Qd4 Qxd4 38. cxd4 a5 39. Kf4
a4 40. Kxe4 a3 0-1

[Event "Schachfestival 2014 - Senioren"]
[Site "Woerishofen Bad"]
[Date "2014.03.21"]
[Round "1.24"]
[White "Plischke, Berthold"]
[Black "Wawrinsky, Ludwig"]
[Result "1-0"]
[WhiteElo "2028"]
[BlackElo "1817"]
[PlyCount "29"]
[EventDate "2014.03.21"]
[EventType "swiss"]
[EventCountry "GER"]
[WhiteTeam "Schachverein Wesel 1928 e.V."]
[BlackTeam "1.Schachklub Neuperlach e.V."]
[WhiteTeamCountry "GER"]
[BlackTeamCountry "GER"]

1. e4 e6 2. d4 b6 3. c4 c5 4. d5 d6 5. Bd3 e5 6. f4 exf4 7. Bxf4 Qf6 8. Qd2 h6
9. Nf3 Nd7 10. Nc3 Ne7 11. Nb5 Ng6 12. Bg3 Kd8 13. O-O a6 14. Nfd4 Qg5 15. Nc6+
1-0

[Event "Schachfestival 2014 - Senioren"]
[Site "Woerishofen Bad"]
[Date "2014.03.21"]
[Round "1.20"]
[White "Klempt, Guenter"]
[Black "Alefs, Heinz"]
[Result "1-0"]
[WhiteElo "2052"]
[BlackElo "1823"]
[PlyCount "79"]
[EventDate "2014.03.21"]
[EventType "swiss"]
[EventCountry "GER"]
[WhiteTeam "Bochumer Schachverein 02"]
[BlackTeam "SC Eichenau"]
[WhiteTeamCountry "GER"]
[BlackTeamCountry "GER"]

1. d4 f5 2. c4 Nf6 3. Nc3 g6 4. g3 Bg7 5. Bg2 c6 6. Nf3 d6 7. O-O O-O 8. Re1
Na6 9. Bf4 Nc7 10. Rc1 Ne6 11. Bd2 Nh5 12. d5 cxd5 13. cxd5 Nc5 14. b4 Nd7 15.
Nb5 Ne5 16. Ng5 Qb6 17. Nc7 Rb8 18. Nge6 Bxe6 19. Nxe6 Rfc8 20. Nxg7 Nxg7 21.
Qb3 Ne8 22. Be3 Qa6 23. Rc2 b6 24. Rec1 Nf6 25. Bd4 Nfd7 26. e4 fxe4 27. Bxe4
b5 28. Rc7 Rxc7 29. Rxc7 Rc8 30. Qc3 Nc4 31. Rxa7 Ncb6 32. Rxa6 Rxc3 33. Bxc3
Kf7 34. Ra5 Na4 35. Bd4 e5 36. dxe6+ Kxe6 37. Rxb5 Nf6 38. Bf3 Nd7 39. Bd1 Ne5
40. Bxe5 1-0

[Event "Schachfestival 2014 - Senioren"]
[Site "Woerishofen Bad"]
[Date "2014.03.21"]
[Round "1.36"]
[White "Bartlitz, Heinz"]
[Black "Haakert, Karl"]
[Result "1/2-1/2"]
[WhiteElo "1750"]
[BlackElo "1943"]
[PlyCount "66"]
[EventDate "2014.03.21"]
[EventType "swiss"]
[EventCountry "GER"]
[WhiteTeam "Bramfelder SK 1947 e.V."]
[BlackTeam "Schachverein Turm Mülheim 1931 e.V."]
[WhiteTeamCountry "GER"]
[BlackTeamCountry "GER"]

1. e4 e5 2. Nf3 Nf6 3. d3 Nc6 4. c3 d5 5. Bg5 Be7 6. h3 Be6 7. Be2 O-O 8. O-O
Nd7 9. Bxe7 Qxe7 10. Nbd2 Rad8 11. Qc2 Nb6 12. b3 f5 13. exf5 Rxf5 14. Nh2 Rf4
15. Bg4 Rdf8 16. Bxe6+ Qxe6 17. Rae1 Qf5 18. Ndf3 Nd7 19. Ng4 e4 20. dxe4 dxe4
21. Nd4 Qg6 22. Nxc6 Qxc6 23. c4 Nc5 24. Qc3 Nd3 25. Re2 Qe6 26. Qd4 Kh8 27.
Rd1 c5 28. Qc3 h5 29. Rxd3 hxg4 30. Rg3 Qd7 31. Rd2 Qc7 32. Rxg4 Rxg4 33. hxg4
Qf4 1/2-1/2

[Event "Schachfestival 2014 - Senioren"]
[Site "Woerishofen Bad"]
[Date "2014.03.21"]
[Round "1.44"]
[White "Mircoli, Filippo"]
[Black "Smits, Oswald"]
[Result "0-1"]
[WhiteElo "1674"]
[BlackElo "1925"]
[PlyCount "76"]
[EventDate "2014.03.21"]
[EventType "swiss"]
[EventCountry "GER"]
[WhiteTeam "Castelfidardo"]
[BlackTeam "Sfr. Taunus Königstein/Schwalbach"]
[WhiteTeamCountry "ITA"]
[BlackTeamCountry "GER"]

1. e4 e5 2. Nf3 Nc6 3. Bb5 a6 4. Ba4 Bc5 5. c3 b5 6. Bc2 Nf6 7. d4 exd4 8. cxd4
Bb4+ 9. Nc3 O-O 10. O-O Be7 11. a3 d6 12. h3 Bb7 13. Re1 Nd7 14. Qd3 g6 15. Bh6
Re8 16. Rac1 Bf8 17. Bxf8 Kxf8 18. Qd2 Kg7 19. d5 Nce5 20. Qd4 Qf6 21. Nxe5
Nxe5 22. Kh1 Qh4 23. Rf1 f6 24. f4 Nd7 25. b4 Bc8 26. Ne2 Nb6 27. Bd3 Re7 28.
Rf3 Bg4 29. Rff1 Rae8 30. Ng1 Nc4 31. Rxc4 bxc4 32. Qxc4 Bc8 33. Qd4 Kf7 34.
Nf3 Qxf4 35. Nh2 Qe5 36. Qe3 Kg7 37. Nf3 Qxd5 38. Qf2 Qxd3 0-1

[Event "Schachfestival 2014 - Senioren"]
[Site "Woerishofen Bad"]
[Date "2014.03.21"]
[Round "1.34"]
[White "Collins, Alan"]
[Black "Braeu, Ludwig"]
[Result "1/2-1/2"]
[WhiteElo "1732"]
[BlackElo "1958"]
[PlyCount "61"]
[EventDate "2014.03.21"]
[EventType "swiss"]
[EventCountry "GER"]
[WhiteTeam "Cowley"]
[BlackTeam "SK Marktoberdorf"]
[WhiteTeamCountry "ENG"]
[BlackTeamCountry "GER"]

1. d4 g6 2. Nf3 Bg7 3. Bf4 d6 4. e3 Nd7 5. c3 Ngf6 6. h3 O-O 7. Nbd2 Re8 8. Bh2
c6 9. Be2 Qc7 10. O-O b5 11. Rc1 Nb6 12. b3 Bb7 13. c4 bxc4 14. bxc4 c5 15.
dxc5 Qxc5 16. Nb3 Qa3 17. c5 dxc5 18. Nxc5 Bd5 19. Na6 Red8 20. Nd4 Ne8 21. Nc7
Rac8 22. Ndb5 Qa5 23. Qe1 Qxe1 24. Rfxe1 e5 25. Nxe8 Rxe8 26. Nc7 Red8 27. Nxd5
Nxd5 28. Ba6 Rb8 29. Rc5 Nb4 30. Ra5 Nxa6 31. Rxa6 1/2-1/2

[Event "Schachfestival 2014 - Senioren"]
[Site "Woerishofen Bad"]
[Date "2014.03.21"]
[Round "1.46"]
[White "Braeu, Emmi"]
[Black "Koenigl, Anton"]
[Result "0-1"]
[WhiteElo "1645"]
[BlackElo "1917"]
[PlyCount "138"]
[EventDate "2014.03.21"]
[EventType "swiss"]
[EventCountry "GER"]
[WhiteTeam "SK Marktoberdorf"]
[BlackTeam "FC Ergolding 1932 e.V."]
[WhiteTeamCountry "GER"]
[BlackTeamCountry "GER"]

1. Nf3 c5 2. g3 Nc6 3. c4 Nf6 4. Bg2 g6 5. Nc3 Bg7 6. O-O O-O 7. d4 cxd4 8.
Nxd4 Qb6 9. Nxc6 dxc6 10. Qc2 Ng4 11. Na4 Qc7 12. h3 Nf6 13. Nc3 e5 14. e4 Be6
15. b3 Rfd8 16. Be3 Rd7 17. Rad1 Rad8 18. Rxd7 Rxd7 19. Rd1 Qa5 20. Rxd7 Nxd7
21. Na4 Qe1+ 22. Kh2 b6 23. Qd2 Qxd2 24. Bxd2 Bf8 25. Be3 Bb4 26. Nb2 c5 27.
Nd3 Bc3 28. f4 f6 29. g4 Nb8 30. f5 Bf7 31. g5 Kg7 32. h4 Nc6 33. gxf6+ Kxf6
34. Bh6 Ke7 35. Bg5+ Kd6 36. Nf2 h5 37. Bf6 Nb4 38. a3 Nc2 39. a4 Nd4 40. Nh3
Bd2 41. Ng5 Bxg5 42. hxg5 gxf5 43. exf5 Nxf5 44. Be4 Ne3 45. Kg3 Ke6 46. Bh8
Nf5+ 47. Kh3 Ne7 48. Bf6 Bg6 49. Bxe7 Bxe4 50. Bd8 Bc2 51. Kh4 Bxb3 52. Kxh5
Kf5 53. g6 Bxc4 54. Kh6 e4 55. Bg5 Kg4 56. Bd2 Kf3 57. Kg7 Ke2 58. Bf4 Bb3 59.
Kf6 Bxa4 60. Ke5 e3 61. g7 Bb3 62. Ke4 Bc2+ 63. Kd5 Bh7 64. Kc4 Kf2 65. g8=Q
Bxg8+ 66. Kd3 Bh7+ 67. Kc4 e2 68. Bd2 e1=Q 69. Bxe1+ Kxe1 0-1

[Event "Schachfestival 2014 - Senioren"]
[Site "Woerishofen Bad"]
[Date "2014.03.21"]
[Round "1.18"]
[White "Hein, Manfred"]
[Black "Mahrla, Hans"]
[Result "1-0"]
[WhiteElo "2064"]
[BlackElo "1842"]
[PlyCount "121"]
[EventDate "2014.03.21"]
[EventType "swiss"]
[EventCountry "GER"]
[WhiteTeam "FC Gunzenhausen 1910 e.V"]
[BlackTeam "SC Eichenau"]
[WhiteTeamCountry "GER"]
[BlackTeamCountry "GER"]

1. e4 e6 2. d4 d5 3. Bd3 dxe4 4. Bxe4 Nf6 5. Bf3 h6 6. Ne2 c5 7. O-O cxd4 8.
Qxd4 Qxd4 9. Nxd4 a6 10. c4 Be7 11. Nc3 Nbd7 12. a3 O-O 13. b4 Ne5 14. Be2 Bd7
15. f4 Nc6 16. Nb3 Rfd8 17. Be3 Be8 18. Bb6 Rdc8 19. Bf3 Bd8 20. Bf2 Rab8 21.
Rac1 Bc7 22. g3 Nd8 23. Ba7 Ra8 24. Bd4 Bc6 25. Bxf6 gxf6 26. Ne4 f5 27. Ned2
Bxf3 28. Nxf3 Nc6 29. Rfd1 Rd8 30. Kf1 Kf8 31. Rxd8+ Rxd8 32. Nc5 Bb6 33. Nxb7
Rd3 34. Kg2 Be3 35. Ra1 Rd7 36. Re1 Ba7 37. b5 axb5 38. cxb5 Ne7 39. Na5 Rc7
40. Rb1 Bb6 41. Nb3 Ra7 42. Ra1 Nd5 43. Ne5 Ke8 44. a4 Ne3+ 45. Kf3 Nc2 46. Rc1
Nb4 47. Rc8+ Ke7 48. Rc4 f6 49. Rxb4 fxe5 50. fxe5 Kd7 51. Rc4 h5 52. Kf4 Bd8
53. Nc5+ Ke7 54. Nb3 Kd7 55. Kf3 Bb6 56. Ke2 Bd8 57. Nc5+ Ke7 58. Na6 Bb6 59.
Nb8 Rb7 60. Nc6+ Kd7 61. Rh4 1-0

[Event "Schachfestival 2014 - Senioren"]
[Site "Woerishofen Bad"]
[Date "2014.03.21"]
[Round "1.53"]
[White "Aigner, Georg"]
[Black "Gulinelli, Euro"]
[Result "1-0"]
[WhiteElo "1894"]
[BlackElo "1579"]
[PlyCount "41"]
[EventDate "2014.03.21"]
[EventType "swiss"]
[EventCountry "GER"]
[WhiteTeam "TSV Dietfurt/Altm. e.V."]
[BlackTeam "Faenza"]
[WhiteTeamCountry "AUT"]
[BlackTeamCountry "ITA"]

1. e4 c6 2. d4 d5 3. Nd2 dxe4 4. Nxe4 Nd7 5. Bc4 e6 6. Nf3 Ngf6 7. Ng3 Bd6 8.
Qe2 Qe7 9. O-O O-O 10. Ne5 c5 11. Nf3 cxd4 12. Nxd4 Ne5 13. Bb3 a6 14. Ne4 Nxe4
15. Qxe4 Qc7 16. h3 Ng6 17. h4 Nf4 18. Bxf4 Bxf4 19. c3 Bd7 20. Ne2 Bc6 21.
Qxf4 1-0

[Event "Schachfestival 2014 - Senioren"]
[Site "Woerishofen Bad"]
[Date "2014.03.21"]
[Round "1.4"]
[White "Goy, Udo"]
[Black "Fels, Karl Heinz"]
[Result "1-0"]
[WhiteElo "2178"]
[BlackElo "1882"]
[PlyCount "55"]
[EventDate "2014.03.21"]
[EventType "swiss"]
[EventCountry "GER"]
[WhiteTeam "Ford-Schachfreunde Köln e.V."]
[BlackTeam "Stuttgarter SF 1879"]
[WhiteTeamCountry "GER"]
[BlackTeamCountry "GER"]

1. d4 Nf6 2. Nf3 d5 3. c4 e6 4. Nc3 Bb4 5. e3 O-O 6. Bd3 h6 7. O-O c6 8. Bd2
Nbd7 9. Rc1 dxc4 10. Bxc4 b5 11. Bd3 Bb7 12. a3 Be7 13. Qe2 Qb6 14. e4 Rac8 15.
e5 Nd5 16. Qe4 f5 17. exf6 Rxf6 18. Nxd5 cxd5 19. Qh7+ Kf7 20. Ne5+ Nxe5 21.
dxe5 Rxc1 22. Bxc1 Rf5 23. Bxh6 Bf8 24. Bxf5 exf5 25. Qxf5+ Kg8 26. e6 gxh6 27.
Qf7+ Kh8 28. Qxf8+ 1-0

[Event "Schachfestival 2014 - Senioren"]
[Site "Woerishofen Bad"]
[Date "2014.03.21"]
[Round "1.25"]
[White "Rothenhagen, Siegfried"]
[Black "Mentel, Juergen"]
[Result "1/2-1/2"]
[WhiteElo "1816"]
[BlackElo "2014"]
[PlyCount "48"]
[EventDate "2014.03.21"]
[EventType "swiss"]
[EventCountry "GER"]
[WhiteTeam "SC Ammersee"]
[BlackTeam "Greifswalder SV"]
[WhiteTeamCountry "GER"]
[BlackTeamCountry "GER"]

1. d4 d6 2. Nf3 Bg4 3. e4 c6 4. c3 Nd7 5. Be2 e6 6. O-O Be7 7. Bf4 h6 8. h3 Bh5
9. Nbd2 Bg6 10. Re1 Nb6 11. Qc2 Nf6 12. Bd3 O-O 13. e5 Bxd3 14. Qxd3 dxe5 15.
Bxe5 c5 16. Qe2 cxd4 17. Bxd4 Qc7 18. Ne4 Nfd5 19. Be5 Qc4 20. Nfd2 Qxe2 21.
Rxe2 f6 22. Bh2 f5 23. Nd6 Bxd6 24. Bxd6 Rfe8 1/2-1/2

[Event "Schachfestival 2014 - Senioren"]
[Site "Woerishofen Bad"]
[Date "2014.03.21"]
[Round "1.54"]
[White "Girod, Gudrun"]
[Black "Reichwald, Klaus"]
[Result "0-1"]
[WhiteElo "1565"]
[BlackElo "1894"]
[PlyCount "70"]
[EventDate "2014.03.21"]
[EventType "swiss"]
[EventCountry "GER"]
[WhiteTeam "Hannover 96"]
[BlackTeam "SC Lohhof 1950 e.V."]
[WhiteTeamCountry "GER"]
[BlackTeamCountry "GER"]

1. d4 Nf6 2. Bf4 d6 3. h3 g6 4. e3 Bg7 5. Nf3 Nbd7 6. Be2 O-O 7. O-O c5 8. c3
Ne4 9. Nbd2 Ndf6 10. Nxe4 Nxe4 11. Nd2 Nxd2 12. Qxd2 Qc7 13. Rac1 e5 14. dxe5
dxe5 15. Bh2 Be6 16. b3 Rad8 17. Qb2 f5 18. Rcd1 Qf7 19. Rxd8 Rxd8 20. Qc2 f4
21. exf4 exf4 22. Rd1 Rxd1+ 23. Bxd1 g5 24. c4 Bf5 25. Qd2 Bd4 26. Bf3 Qe7 27.
Qe2 Qxe2 28. Bxe2 Bb1 29. Bf3 Bxa2 30. Bxb7 Bxb3 31. Bd5+ Kg7 32. g3 Be5 33.
Kf1 a5 34. gxf4 gxf4 35. Ke2 a4 0-1

[Event "Schachfestival 2014 - Senioren"]
[Site "Woerishofen Bad"]
[Date "2014.03.21"]
[Round "1.7"]
[White "Meul, Willi"]
[Black "Maes, Valeer"]
[Result "1/2-1/2"]
[WhiteElo "1880"]
[BlackElo "2165"]
[PlyCount "40"]
[EventDate "2014.03.21"]
[EventType "swiss"]
[EventCountry "GER"]
[WhiteTeam "Schachverein 1925 Hürth-Berrenra"]
[BlackTeam "KSK 47 Eynatten"]
[WhiteTeamCountry "GER"]
[BlackTeamCountry "BEL"]

1. d4 d5 2. Nf3 Nf6 3. e3 c5 4. c3 e6 5. Bd3 Be7 6. Nbd2 O-O 7. O-O b6 8. e4
Ba6 9. Bxa6 Nxa6 10. e5 Nd7 11. Qe2 Qc8 12. Re1 Qb7 13. Nf1 b5 14. Bg5 Rfe8 15.
Bxe7 Rxe7 16. a3 Nc7 17. dxc5 Nxc5 18. Nd4 a5 19. Nd2 Ree8 20. N2b3 Nxb3
1/2-1/2

[Event "Schachfestival 2014 - Senioren"]
[Site "Woerishofen Bad"]
[Date "2014.03.21"]
[Round "1.23"]
[White "Riegler, Markus"]
[Black "Eichler, Gottfried"]
[Result "0-1"]
[WhiteElo "1817"]
[BlackElo "2030"]
[PlyCount "86"]
[EventDate "2014.03.21"]
[EventType "swiss"]
[EventCountry "GER"]
[WhiteTeam "SK Mannheim-Lindenhof 1865"]
[BlackTeam "MTV Dannenberg"]
[WhiteTeamCountry "GER"]
[BlackTeamCountry "GER"]

1. c4 c5 2. Nc3 b6 3. Nf3 Bb7 4. g3 e6 5. e4 Nf6 6. d3 Be7 7. Bg5 d6 8. Bg2 Nc6
9. O-O O-O 10. a3 Nd7 11. Bxe7 Qxe7 12. Qd2 Nd4 13. Nxd4 cxd4 14. Ne2 e5 15. b4
Rfe8 16. Bh3 Nf8 17. Kg2 Bc6 18. Qd1 h6 19. Kh1 Nh7 20. Ng1 b5 21. cxb5 Bxb5
22. a4 Bd7 23. Bxd7 Qxd7 24. Rc1 Rac8 25. Qb3 Nf6 26. b5 d5 27. f3 dxe4 28.
fxe4 Rc7 29. Rxc7 Qxc7 30. Ne2 Qb7 31. Kg2 Ng4 32. Rc1 Ne3+ 33. Kf2 Kh7 34. Ng1
f5 35. Rc6 fxe4 36. dxe4 Qd7 37. h3 Rf8+ 38. Ke2 Rf1 39. Qe6 Qxe6 40. Rxe6 Rxg1
41. Rxe5 Rxg3 42. Re7 d3+ 43. Kd2 Nc4+ 0-1

[Event "Schachfestival 2014 - Senioren"]
[Site "Woerishofen Bad"]
[Date "2014.03.21"]
[Round "1.43"]
[White "Meinke, Dietlind"]
[Black "Schweitzer, Paul"]
[Result "0-1"]
[WhiteElo "1925"]
[BlackElo "1696"]
[PlyCount "84"]
[EventDate "2014.03.21"]
[EventType "swiss"]
[EventCountry "GER"]
[WhiteTeam "MTV Leck von 1889"]
[BlackTeam "SV Königsjäger Süd-West e.V."]
[WhiteTeamCountry "GER"]
[BlackTeamCountry "GER"]

1. e4 b6 2. d4 Bb7 3. Nc3 e6 4. a3 Ne7 5. Nf3 Ng6 6. Bc4 Be7 7. O-O c6 8. Re1
O-O 9. d5 Nh4 10. Nxh4 Bxh4 11. g3 Bg5 12. f4 Bh6 13. Be3 e5 14. fxe5 Bxe3+ 15.
Rxe3 Qg5 16. Qd4 c5 17. Qd2 Qxe5 18. Rf1 Qd4 19. Qe2 a6 20. a4 g6 21. e5 b5 22.
Rf4 bxc4 23. Rxd4 cxd4 24. Re4 dxc3 25. Rxc4 cxb2 26. Rb4 Bxd5 27. Qd3 Be6 28.
Rxb2 Nc6 29. Qe2 a5 30. c4 Rfb8 31. Rb5 Nd4 32. Rxb8+ Rxb8 33. Qf2 Nc6 34. Qc5
Rb1+ 35. Kf2 Rb4 36. h4 Rxc4 37. Qe3 Rxa4 38. Qg5 Ra2+ 39. Ke3 Ra3+ 40. Kf2 h5
41. Qf6 Rb3 42. Qf4 Rb5 0-1